| 000 | 01418nam a22002057a 4500 | ||
|---|---|---|---|
| 999 |
_c3610 _d3610 |
||
| 003 | OSt | ||
| 005 | 20240229100050.0 | ||
| 008 | 240229b ||||| |||| 00| 0 eng d | ||
| 020 | _a9789620434617 | ||
| 040 | _cKH8 | ||
| 082 | _a400 MA | ||
| 100 |
_aMa, Yamin, _eauthor. |
||
| 245 |
_aChinese Made Easy: _bTextbook 4 / _cYamin Ma. |
||
| 260 |
_aHong Kong; _bJoint Publishing, _c2015. |
||
| 300 |
_a160 pages: _c8.1 x 0.3 x 10.9 inches. |
||
| 520 | _aOne of the best Chinese language textbooks for young students, Chinese Made Easy adopts a new approach to teaching Chinese as a second language. It is designed for young students taking SAT II Chinese Test (US), GCSE/IGSE Mandarin Chinese Exams (UK), and Australian Mandarin exams, or for those students who are starting to learn Chinese on their own. It features task-based learning coupled with a focus on form and function. There are a wide variety of text presentations, practice materials, and up-to-date topics relevant to young students (ages 10 and up). Attention is paid to careful pacing for gradual progress in language skills, with clearly focused aims for each unit, regular consolidation, and consistent reinforcement. The language materials are presented in fun and interesting ways, with highly attractive and colorfully designed pages. | ||
| 650 |
_aChinese language _vForeign language |
||
| 650 |
_aChinese language _vCoursebook |
||
| 942 |
_2ddc _cTR |
||